| 000 | 01636nam a2200493 i 4500 | ||
|---|---|---|---|
| 001 | 3398 | ||
| 003 | KOSZ 005 | ||
| 005 | 20200219145338.0 | ||
| 008 | 981023s1987 pl a f f |000 0 pol | ||
| 015 | _aPB 1987/5505 | ||
| 020 | _a8320408547 | ||
| 035 | _a991007241879705066 | ||
| 035 | _a(PL-WaBN)b11880776-48omnis_nlop | ||
| 035 | _ab11880776 | ||
| 035 | _a(OCoLC)751059624 | ||
| 035 | _a(PL)b0000001188077 | ||
| 035 | _a(EXLNZ-48OMNIS_NETWORK)9910257550905606 | ||
| 040 |
_aWA N _cWA N _dKOSZ 005/HR |
||
| 041 | 0 | _apol | |
| 080 | _a621.5 | ||
| 080 | _a(075.8) | ||
| 100 | 1 |
_aWarczak, Wiesław _eAutor |
|
| 245 | 1 | 0 |
_aSprężarki ziębnicze / _cWiesław Warczak. |
| 250 | _aWyd. 4 przer. i uaktual. | ||
| 260 |
_aWarszawa : _bWydawnictwa Naukowo-Techniczne, _c1987. |
||
| 300 |
_a452, [4] s. : _bfot., rys., wykr. ; _c24 cm. |
||
| 380 | _aKsiążki | ||
| 380 | _aPublikacje dydaktyczne | ||
| 385 |
_mPoziom nauczania _aSzkoły wyższe |
||
| 388 | _a1901-2000 | ||
| 388 | _a1945-1989 | ||
| 490 | 1 | _aPodręczniki Akademickie. Mechanika | |
| 500 | _aWyd. poprz. pt.: Sprężarki i agregaty ziębnicze. | ||
| 504 | _aBibliogr. s. 451-[453]. | ||
| 650 | 7 |
_aSprężarki _2DBN |
|
| 650 | 7 |
_aUrządzenia chłodnicze _2DBN |
|
| 655 | 7 |
_aPodręczniki akademickie _2DBN |
|
| 658 | _aInżynieria i technika | ||
| 710 | 2 |
_aWydawnictwa Naukowo-Techniczne _4pbl |
|
| 830 | 0 |
_aPodręczniki Akademickie. _pMechanika |
|
| 856 |
_uhttp://koha.tu.koszalin.pl/cgi-bin/koha/opac-detail.pl?biblionumber=3398 _yKatal0g online BPK |
||
| 942 |
_2UKD _cKS |
||
| 999 |
_c3398 _d3398 |
||